|
|
|
|
| LEADER |
00722nam a2200193 a 4500 |
| 001 |
c000107419 |
| 003 |
CARM |
| 005 |
19880122000000.0 |
| 008 |
810321s1917 ukk 000 1 eng d |
| 019 |
1 |
|
|a 5473496
|5 LACONCORD2021
|
| 035 |
|
|
|a (OCoLC)10781458
|5 LACONCORD2021
|
| 040 |
|
|
|a 2509
|b eng
|c 2509
|d VU
|
| 100 |
1 |
|
|a Mason, A. E. W.
|q (Alfred Edward Woodley),
|d 1865-1948.
|
| 245 |
0 |
4 |
|a The four corners of the world.
|
| 260 |
|
|
|a Lond. :
|b Hodder and Stoughton,
|c [1917].
|
| 300 |
|
|
|a 319p.
|
| 852 |
8 |
|
|b CARM
|h A2:AI04G0
|i A02221
|p 0154631
|f BK
|
| 999 |
f |
f |
|i 3a082729-fe43-5f73-aa28-620f5e978cff
|s 83efb796-018d-50d8-853e-99473ecd944b
|
| 952 |
f |
f |
|p Can circulate
|a CAVAL
|b CAVAL
|c CAVAL
|d CARM 1 Store
|e A02221
|f A2:AI04G0
|h Other scheme
|i book
|m 0154631
|